000 00522nam a2200181Ia 4500
008 100920s9999 xx 000 0 und d
082 _b65553
_a--- 0
100 _aगुजर अनिल.
245 _aअजब गुंतागुंत.
260 _b---
_c0
300 _a211
_bसाधी
365 _b95
520 _aकादंबरी.
630 _aअजब गुंतागुंत.
650 _aकादंबरी.
730 _aअजब गुंतागुंत.
942 _cBOOK
999 _c708304
_d708301